Geography Quiz

Random Geography or World Quiz

Most Populous Islands A-Z (Map) Quiz Stats

 Plays Quiz not verified by Sporcle

Challenge
Share
Tweet
Score 0/24 Timer 06:00
0 Plays Today
% Correct
Cuba
98%
Ireland
93.2%
Madagascar
92.4%
Great Britain
89.4%
Taiwan
82.6%
Borneo
80.9%
Java
80.2%
New Guinea
79.5%
Vancouver Island
78.7%
Honshū
73.5%
Sumatra
66.1%
Luzon
53.3%
% Correct
Okinawa
49%
Réunion
48.2%
Kyūshū
43.9%
Zealand
38.2%
Flores
14.9%
Djerba
13.8%
Euboea
11.5%
Xiamen
10.8%
Ambon
9.6%
Panay
5.9%
Unguja
5.5%
Qeshm
3.4%

You're not logged in!

Compare scores with friends on all Sporcle quizzes.
OR
Log In

You Might Also Like...

Show Comments

Extras

Editor's Pick Aug 24, 2014SourceReportNominate
Tags:World Quiz, A-Z, island, map

Top Quizzes Today


Score Distribution

Your Account Isn't Verified!

In order to create a playlist on Sporcle, you need to verify the email address you used during registration. Go to your Sporcle Settings to finish the process.

Report this User

Report this user for behavior that violates our Community Guidelines.

Details: